000 01419cab a2200265 4500
001 ABS59200
008 090401t1998 xxu||||| |||| 00| 0 eng d
035 _a(Sirsi) u88068
041 _aeng
245 _aNewlon Housing Trust v Alsulaimen and another
260 _c1998
350 _a0
490 _aWeekly Law Reports
_v[1998] 3 WLR 451-456(6)
520 _aHL 29 July 1998. A husband and wife were joint tenants under an assured weekly tenancy until the wife left and began divorce proceedings. The wife served a notice to quit on the landlord however the husband continued to live there after the notice expired. The landlords commenced proceedings for possession and the husband sought an adjournment on the grounds that he intended to make an application under the Matrimonial Causes Act 1973 s24 to transfer the joint tenancy into his sole name. The judge refused the adjournment on the grounds that the application was too late. The Court of Appeal reversed the decision but the landlord`s appeal was upheld in the House of Lords.
650 _aDIVORCE
650 _aJOINT TENANCY
650 _aMATRIMONIAL CAUSES ACT 1973 S24
650 _aNEWLON HOUSING TRUST V ALSULAIMEN AND ANOTHER
650 _aNOTICE TO QUIT
650 _aPROPERTY ADJUSTMENT ORDER
650 _aSOLE TENANCY
690 _aLANDLORD AND TENANT-CASE LAW-RESIDENTIAL TENANCIES
942 _n0
948 _c20/08/1998
999 _c55620
_d55620